LEADER 01001cam0-22003491i-450- 001 990006014670403321 005 19980601 010 $a3725523940 035 $a000601467 035 $aFED01000601467 035 $a(Aleph)000601467FED01 035 $a000601467 100 $a19980601d1984----km-y0itay50------ba 101 0 $ager 102 $aCH 105 $ay-------011yy 200 1 $aGedachtnisschrift für Peter Noll$fherausgegeben von Robert Hauser, Jörg Rehberg, Günter Stratenwerth 210 $aZürich$cSchulthess Polygraphischer Verlag$d1984 215 $aXVII, 419 p.$d25 cm 676 $a340.1$v20$zita 676 $a345$v20$zita 702 1$aHauser,$bRobert 702 1$aNoll,$bPeter 702 1$aRehberg,$bJörg 702 1$aStratenwerth,$bGünter 801 0$aIT$bUNINA$gRICA$2UNIMARC 901 $aBK 912 $a990006014670403321 952 $aONORANZE N 14$b120076$fFGBC 959 $aFGBC 996 $aGedachtnisschrift für Peter Noll$9579332 997 $aUNINA LEADER 00826nam0-22002891i-450- 001 990000411480403321 005 20001010 035 $a000041148 035 $aFED01000041148 035 $a(Aleph)000041148FED01 035 $a000041148 100 $a20001010d--------km-y0itay50------ba 101 0 $aita 105 $ay-------001yy 200 1 $aIntroduction to Numerical Continuation Methods$fEugene L. Allgower and Kurt Georg 210 $as.l.$cs.e.$d1990 215 $aVIII , 388 p., ill., 30 cm 700 1$aAllgower,$bEugene L.$023259 702 1$aGeorg,$bKurt 801 0$aIT$bUNINA$gRICA$2UNIMARC 901 $aBK 912 $a990000411480403321 952 $a04 014-48$bIngr. 4613$fDINCH 959 $aDINCH 996 $aIntroduction to Numerical Continuation Methods$9328359 997 $aUNINA DB $aING01